| 000 | 00508nam a2200157 i 4500 | ||
|---|---|---|---|
| 001 | 45330 | ||
| 003 | ES-MaACL | ||
| 005 | 20230906161212.0 | ||
| 007 | t| | ||
| 008 | 030325s1971 sp ||||1| spa d | ||
| 110 | 0 | 0 |
_aColegio Oficial de Arquitectos de Cataluña y Baleares. _92956 |
| 245 | 1 | 0 |
_aActividades de la comisión de cultura, 1970 / _cpor Colegio de Arquitectos de Cataluña y Baleare. |
| 260 |
_a[Barcelona : _bA.T.E, _c1971] |
||
| 300 |
_a98 p. ; _c25 cm. |
||
| 852 |
_aES-MaACL _jC-43479 _bR.80240 |
||
| 999 |
_c45330 _d45330 |
||